| 000 | 00545nam a2200217Ia 4500 | ||
|---|---|---|---|
| 008 | 160819s9999 xx 000 0 und d | ||
| 020 | _a981-232-404-6 | ||
| 050 | _aCUL TX 773 | ||
| 050 | _b.L38 2003 | ||
| 100 | _aLau, Catherine. | ||
| 245 | _aCheesecake seduction / | ||
| 245 | _cCatherine Lau. | ||
| 260 | _aSingapore : | ||
| 260 | _bTimes Editions, | ||
| 260 | _c2003 | ||
| 300 | _a82 pages : | ||
| 300 | _bcolor illustrations ; | ||
| 300 | _c24 cm. | ||
| 440 | _aCelebrity chefs' cookbooks | ||
| 650 | _aCheesecake (Cookery). | ||
| 999 |
_c300741 _d300741 |
||